| 000 | 00324nam a22001217a 4500 | ||
|---|---|---|---|
| 008 | 170908b xxu||||| |||| 00| 0 eng d | ||
| 041 | _aeng | ||
| 080 | _a91 | ||
| 100 | _a42 | ||
| 101 | _aGJEO | ||
| 245 |
_aTHE ADVENTURES OF A GUILTY LIBERAL WHO ATTEMPTS TO SAVE THE PLANET AND THE DISCOVERIES _cBEAVAN,C |
||
| 942 |
_2udc _cBK |
||
| 999 |
_c26819 _d26819 |
||